Pays du Tropique du Cancer - Statistiques

Statistiques générales
  • Ce quiz a été pris 27 fois
  • Le résultat moyen est 13 sur 17
Statistiques - réponses
Pays % Correct
Égypte
96%
Inde
96%
Libye
96%
Mexique
96%
Algérie
92%
Arabie Saoudite
88%
Maroc
88%
Chine
81%
Bangladesh
73%
Birmanie
73%
Mauritanie
73%
Mali
62%
Émirats Arabes Unis
54%
Niger
54%
Oman
54%
Taïwan
54%
Bahamas
46%
Aucun quiz correspondant
Distribution des résultats
% des personnes avec chaque résultat
Percentile par nombre de réponses
Votre historique - résultats
Vous n’avez pas pris ce quiz